000 00656nam a22002171a 4500
001 10602
003 OSt
005 20260204212205.0
008 100116s2006||||ck ||||||b||||||||||spa||
020 _a9586484424
050 _a658.15 Ea E88a
100 _aEstupiñon Gaitán, Rodrigo
245 _aAnálisis financiero y de gestión / Rodrigo Estupiñon Gaitán y Orlando Estupiñon Gaitán
250 _a2
264 _aColombia : Ecoe
300 _a406 p
500 _aIncluye bibliografía y CD Rom
650 _aAnálisis Financiero 2.Gestión Financiera 3.Empresas - Contabilidad
700 _aEstupiñon Gaitán, OrlandoÌ
942 _2ddc
_cBK
999 _c10602
_d10602